Diseño Universal para el Apredizaje: Educación para todos y prácticas de enseñanza inclusivas.
保存先:
| 第一著者: | |
|---|---|
| フォーマット: | 図書 |
| 出版事項: |
Madrid, España:
Morata,
2018.
|
| 版: | Segunda edición. |
| シリーズ: | Textos Universitarios,
|
| 主題: | |
| タグ: |
タグ追加
タグなし, このレコードへの初めてのタグを付けませんか!
|
MARC
| LEADER | 00000nam a22000007a 4500 | ||
|---|---|---|---|
| 003 | CL-VaPUC | ||
| 005 | 20250321101943.0 | ||
| 008 | 250205t2018 ||||| |||| 00| 0 eng d | ||
| 999 | |c 447021 |d 447019 | ||
| 020 | |a 978-84-7112-831-7 | ||
| 040 | |c Pontificia Universidad Católica de Valparaíso | ||
| 082 | |a 371.9046 ALB 2018 | ||
| 100 | |9 896147 |a Alba Pastor, Carmen |e coordinadora | ||
| 245 | |a Diseño Universal para el Apredizaje: |b Educación para todos y prácticas de enseñanza inclusivas. | ||
| 250 | |a Segunda edición. | ||
| 260 | |a Madrid, España: |b Morata, |c 2018. | ||
| 300 | |a 126 páginas. | ||
| 490 | |a Textos Universitarios, |n 3. | ||
| 500 | |a c.1-c.2. Instituto Arcos.08-01-2025. | ||
| 583 | |c 20250205 |k Gabriela Rodríguez Cuevas | ||
| 650 | 0 | |9 560584 |a Educación inclusiva |x Métodos de enseñanza | |
| 650 | 0 | |9 254827 |a Aprendizaje |x Educación | |
| 942 | |2 ddc |c BK |n 0 | ||
| 952 | |0 0 |1 0 |2 ddc |4 0 |6 371_904600000000000_ALB_2018 |7 0 |8 A |9 600441 |a BIBINC |b BIBINC |d 2025-02-05 |e Instituto Arcos |i 5665351 |o 371.9046 ALB 2018 |p 5665351 |r 2025-02-05 |t 1 |w 2025-02-05 |y BK |k IFP | ||
| 952 | |0 0 |1 0 |2 ddc |4 0 |6 371_904600000000000_ALB_2018 |7 0 |8 A |9 600442 |a BIBINC |b BIBINC |d 2025-02-05 |e Instituto Arcos |i 5665352 |o 371.9046 ALB 2018 |p 5665352 |r 2025-02-05 |t 2 |w 2025-02-05 |y BK |k IFP | ||